<?xml version="1.0" encoding="UTF-8"?>
<record
    xmlns:xsi="http://www.w3.org/2001/XMLSchema-instance"
    xsi:schemaLocation="http://www.loc.gov/MARC21/slim http://www.loc.gov/standards/marcxml/schema/MARC21slim.xsd"
    xmlns="http://www.loc.gov/MARC21/slim">

  <leader>00945cam a2200253   4500</leader>
  <controlfield tag="001">2668559</controlfield>
  <controlfield tag="005">20251122155252.0</controlfield>
  <controlfield tag="008">730615s1974    nyua     b    001 0 eng  </controlfield>
  <datafield tag="020" ind1=" " ind2=" ">
    <subfield code="a">0471675857</subfield>
  </datafield>
  <datafield tag="020" ind1=" " ind2=" ">
    <subfield code="a">9780471675853</subfield>
  </datafield>
  <datafield tag="050" ind1="0" ind2="0">
    <subfield code="a">TA775</subfield>
    <subfield code="b">.P4 1974</subfield>
  </datafield>
  <datafield tag="082" ind1="0" ind2="0">
    <subfield code="a">624/.15</subfield>
  </datafield>
  <datafield tag="100" ind1="1" ind2=" ">
    <subfield code="a">Peck, Ralph B.</subfield>
    <subfield code="q">(Ralph Brazelton)</subfield>
  </datafield>
  <datafield tag="245" ind1="1" ind2="0">
    <subfield code="a">Foundation engineering</subfield>
    <subfield code="c">[by] Ralph B. Peck, Walter E. Hanson [and] Thomas H. Thornburn.</subfield>
  </datafield>
  <datafield tag="250" ind1=" " ind2=" ">
    <subfield code="a">2d ed.</subfield>
  </datafield>
  <datafield tag="260" ind1=" " ind2=" ">
    <subfield code="a">New York,</subfield>
    <subfield code="b">Wiley</subfield>
    <subfield code="c">[1974]</subfield>
  </datafield>
  <datafield tag="300" ind1=" " ind2=" ">
    <subfield code="a">xxiii, 514 p.</subfield>
    <subfield code="b">illus.</subfield>
    <subfield code="c">26 cm.</subfield>
  </datafield>
  <datafield tag="650" ind1=" " ind2="0">
    <subfield code="a">Foundations.</subfield>
  </datafield>
  <datafield tag="700" ind1="1" ind2=" ">
    <subfield code="a">Hanson, Walter E.</subfield>
    <subfield code="q">(Walter Edmund),</subfield>
    <subfield code="d">1916-</subfield>
    <subfield code="e">joint author.</subfield>
  </datafield>
  <datafield tag="700" ind1="1" ind2=" ">
    <subfield code="a">Thornburn, Thomas H.</subfield>
    <subfield code="q">(Thomas Hampton),</subfield>
    <subfield code="d">1916-1986</subfield>
    <subfield code="e">joint author.</subfield>
  </datafield>
  <datafield tag="856" ind1="4" ind2=" ">
    <subfield code="3">Table of Contents only</subfield>
    <subfield code="u">http://www.loc.gov/catdir/toc/onix04/73009877.html</subfield>
  </datafield>
  <datafield tag="856" ind1="4" ind2="2">
    <subfield code="3">Publisher description</subfield>
    <subfield code="u">http://www.loc.gov/catdir/enhancements/fy0607/73009877-d.html</subfield>
  </datafield>
  <datafield tag="942" ind1=" " ind2=" ">
    <subfield code="2">lcc</subfield>
    <subfield code="c">BK</subfield>
    <subfield code="e">2nd ed.</subfield>
    <subfield code="n">0</subfield>
  </datafield>
  <datafield tag="999" ind1=" " ind2=" ">
    <subfield code="c">8346</subfield>
    <subfield code="d">8346</subfield>
  </datafield>
  <datafield tag="952" ind1=" " ind2=" ">
    <subfield code="0">0</subfield>
    <subfield code="1">0</subfield>
    <subfield code="2">lcc</subfield>
    <subfield code="4">0</subfield>
    <subfield code="7">0</subfield>
    <subfield code="8">NFIC</subfield>
    <subfield code="a">MSL</subfield>
    <subfield code="b">MSL</subfield>
    <subfield code="c">GEN</subfield>
    <subfield code="d">2025-11-22</subfield>
    <subfield code="l">0</subfield>
    <subfield code="o">TA775 .P4 PEC</subfield>
    <subfield code="p">SLM00006043</subfield>
    <subfield code="r">2025-11-22 15:53:35</subfield>
    <subfield code="t">1</subfield>
    <subfield code="w">2025-11-22</subfield>
    <subfield code="y">BK</subfield>
  </datafield>
  <datafield tag="952" ind1=" " ind2=" ">
    <subfield code="0">0</subfield>
    <subfield code="1">0</subfield>
    <subfield code="2">lcc</subfield>
    <subfield code="4">0</subfield>
    <subfield code="7">0</subfield>
    <subfield code="8">NFIC</subfield>
    <subfield code="a">MSL</subfield>
    <subfield code="b">MSL</subfield>
    <subfield code="c">GEN</subfield>
    <subfield code="d">2025-11-22</subfield>
    <subfield code="l">0</subfield>
    <subfield code="o">TA775 .P4 PEC</subfield>
    <subfield code="p">SLM00006044</subfield>
    <subfield code="r">2025-11-22 15:53:35</subfield>
    <subfield code="t">2</subfield>
    <subfield code="w">2025-11-22</subfield>
    <subfield code="y">BK</subfield>
  </datafield>
  <datafield tag="952" ind1=" " ind2=" ">
    <subfield code="0">0</subfield>
    <subfield code="1">0</subfield>
    <subfield code="2">lcc</subfield>
    <subfield code="4">0</subfield>
    <subfield code="7">0</subfield>
    <subfield code="8">NFIC</subfield>
    <subfield code="a">MSL</subfield>
    <subfield code="b">MSL</subfield>
    <subfield code="c">GEN</subfield>
    <subfield code="d">2025-11-22</subfield>
    <subfield code="l">0</subfield>
    <subfield code="o">TA775 .P4 PEC</subfield>
    <subfield code="p">SLM00006045</subfield>
    <subfield code="r">2025-11-22 15:53:35</subfield>
    <subfield code="t">3</subfield>
    <subfield code="w">2025-11-22</subfield>
    <subfield code="y">BK</subfield>
  </datafield>
  <datafield tag="952" ind1=" " ind2=" ">
    <subfield code="0">0</subfield>
    <subfield code="1">0</subfield>
    <subfield code="2">lcc</subfield>
    <subfield code="4">0</subfield>
    <subfield code="7">0</subfield>
    <subfield code="8">NFIC</subfield>
    <subfield code="a">MSL</subfield>
    <subfield code="b">MSL</subfield>
    <subfield code="c">GEN</subfield>
    <subfield code="d">2025-11-22</subfield>
    <subfield code="l">0</subfield>
    <subfield code="o">TA775 .P4 PEC</subfield>
    <subfield code="p">SLM00006046</subfield>
    <subfield code="r">2025-11-22 15:53:35</subfield>
    <subfield code="t">4</subfield>
    <subfield code="w">2025-11-22</subfield>
    <subfield code="y">BK</subfield>
  </datafield>
  <datafield tag="952" ind1=" " ind2=" ">
    <subfield code="0">0</subfield>
    <subfield code="1">0</subfield>
    <subfield code="2">lcc</subfield>
    <subfield code="4">0</subfield>
    <subfield code="7">0</subfield>
    <subfield code="8">NFIC</subfield>
    <subfield code="a">MSL</subfield>
    <subfield code="b">MSL</subfield>
    <subfield code="c">GEN</subfield>
    <subfield code="d">2025-11-22</subfield>
    <subfield code="l">0</subfield>
    <subfield code="o">TA775 .P4 PEC</subfield>
    <subfield code="p">SLM00006047</subfield>
    <subfield code="r">2025-11-22 15:53:35</subfield>
    <subfield code="t">5</subfield>
    <subfield code="w">2025-11-22</subfield>
    <subfield code="y">BK</subfield>
  </datafield>
</record>
